Classement de la phase de ligue de la Ligue des Champions 2024-2025 - Statistiques

Statistiques générales
  • Ce quiz a été pris 354 fois
  • Le résultat moyen est 23 sur 36
Statistiques - réponses
Pays Club % Correct
Espagne FC Barcelone
98%
Anglais Liverpool
97%
Anglais Arsenal
93%
Italie Inter Milan
93%
France LOSC Lille
89%
Espagne Atletico Madrid
88%
Anglais Aston Villa
84%
Allemagne Bayer Leverkusen
81%
Espagne Real Madrid
77%
Allemagne Borussia Dortmund
75%
Allemagne Bayern Munich
74%
France AS Monaco
72%
Portugal Benfica
72%
Italie AC Milan
70%
France Paris Saint-Germain
69%
Portugal Sporting
63%
France Stade Brestois
62%
Anglais Manchester City
61%
Italie Atalanta Bergame
60%
Pays-Bas Feyenoord
60%
Écosse Celtic Glasgow
59%
Italie Juventus
58%
Pays-Bas PSV Eindhoven
57%
Croatie Dinamo Zagreb
54%
Allemagne Stuttgart
46%
Suisse Young Boys
46%
Belgique Club Brugge
45%
Allemagne RB Leipzig
45%
Italie Bologne
41%
Serbie Étoile Rouge de Belgrade
41%
Espagne Girona
40%
République Tchèque Sparta Prague
39%
Slovaquie Slovan Bratislava
38%
Autriche Salzburg
37%
Autriche Sturm Graz
35%
Ukraine Shakhtar Donetsk
33%
Aucun quiz correspondant
Distribution des résultats
% des personnes avec chaque résultat
Percentile par nombre de réponses
Votre historique - résultats
Vous n’avez pas pris ce quiz